000 00688nam a22001937a 4500
999 _c169053
_d169053
005 20191104171323.0
010 _aB-730821
020 _a9789353091951
_c40.00
037 _adpl
_bPratham
082 _aS
100 _aNath, Arundhati
245 _aReady ? yes ! Play ! /
_c by Arundhati Nath; illustrated by Priyankar Gupta
260 _aBangaluru
_bPratham Books
_c2018
270 _a633-634,4th "C" Main,6th 'B' Cross, OMBR Layout Banaswadi,
_bBangalore
_e560043
_k911141042483 (New Delhi)
300 _a16p.
_bill.
_c18cm.(pbk)
700 _aGupta Priyankar
_935533
942 _2ddc
_cCH
_hS
_mNAT